Memoria
Guardado en:
| Format: | Texto |
|---|---|
| Udgivet: |
San José
|
| Tags: |
Tilføj Tag
Ingen Tags, Vær først til at tagge denne postø!
|
MARC
| LEADER | 00000 a a2200000 04500 | ||
|---|---|---|---|
| 001 | 38686 | ||
| 003 | |||
| 040 | |||
| 090 | |a 0005 P964p | ||
| 245 | |a Memoria | ||
| 260 | |a San José | ||
| 300 | |a p. irreg. | ||
| 999 | |c 15987 |d 15987 | ||
